00548nam a2200169Ia 4500008004100000020001800041041000800059082001600067100002200083245004000105250000600145260003000151300001200181650003100193999001900224952013500243210716s2010 xx 000 0 und d a9780306467912 aeng a005.82 YEUR aYeung, Raymond W. aFirst course in information theory. a1 aNew DelhibSpringerc2010 axxi,412 aInformation Theory(003.54) c193326d193326 00102ddc40708MCAaAIMITbAIMITeKnowledge Worldg695.00l0o005.82 YEURpMCA12834r2026-05-23 00:00:00v521.25w2021-07-16yBK